[Event "Sparkassen-Open B"]
[Site "Heusenstamm, Martinsee"]
[Date "2018.11.25"]
[Round "6.49"]
[White "Weyerer, Noah"]
[Black "Urbach, Jens"]
[Result "0-1"]
[WhiteElo "1318"]
[BlackElo "1546"]
[PlyCount "168"]
[EventDate "2018.??.??"]
[WhiteTeam "SV Oberursel"]
[BlackTeam "SF Frankfurt"]

1. d4 d5 2. Bf4 Bf5 3. c4 e6 4. Nc3 Bb4 5. a3 Bxc3+ 6. bxc3 Nf6 7. f3 O-O 8. g4
Bg6 9. h4 h6 10. h5 Bh7 11. e3 c5 12. Ne2 dxc4 13. e4 b6 14. Be3 Nc6 15. Qd2
Na5 16. Rd1 Nb3 17. Qb2 Qc7 18. Bf4 Qb7 19. Rg1 Rad8 20. Bg2 Qd7 21. Be3 a5 22.
Nc1 a4 23. Nxb3 cxb3 24. Qa1 Qc7 25. dxc5 Rxd1+ 26. Qxd1 bxc5 27. Qc1 Qb6 28.
Qb2 Rd8 29. g5 Nxh5 30. gxh6 Rd3 31. Ke2 Qb5 32. Bf1 Rxc3+ 33. Ke1 Rxe3+ 34.
Be2 Rxe2+ 35. Qxe2 Qb6 36. Qb2 Qa5+ 37. Kd1 Qd8+ 38. Kc1 Qd4 39. Rd1 Qxb2+ 40.
Kxb2 gxh6 41. Rc1 Nf4 42. Kb1 Nd3 43. Rd1 Ne5 44. Rf1 Nxf3 45. Kb2 Bxe4 46. Rf2
c4 47. Rg2+ Kh7 48. Rg4 f5 49. Rg2 Ne1 50. Rd2 Nf3 51. Rd7+ Kg6 52. Ra7 h5 53.
Rxa4 Ne5 54. Ra5 Kf6 55. Rb5 h4 56. a4 h3 57. Rb8 h2 58. Rh8 h1=Q 59. Rxh1 Bxh1
60. a5 Nc6 61. a6 e5 62. Kc3 e4 63. Kd2 f4 64. Kd1 c3 65. a7 Nxa7 66. Kc1 e3
67. Kd1 c2+ 68. Kc1 e2 69. Kd2 f3 70. Kc1 e1=B 71. Kb2 f2 72. Kc1 Bf3 73. Kb2
Bd2 74. Ka3 Bc6 75. Kb2 c1=B+ 76. Kxb3 Be4 77. Kc4 f1=Q+ 78. Kb3 Qd1+ 79. Kc4
Ke5 80. Kc5 Qc2+ 81. Kb6 Kd6 82. Ka6 Kc6 83. Kxa7 Qb3 84. Ka8 Qb7# 0-1

[Event "Sparkassen-Open B"]
[Site "Heusenstamm, Martinsee"]
[Date "2018.11.25"]
[Round "6.50"]
[White "Laznik, Zeljko"]
[Black "Papadopoulos, Leon"]
[Result "0-1"]
[WhiteElo "1523"]
[BlackElo "1329"]
[PlyCount "74"]
[EventDate "2018.??.??"]
[WhiteTeam "SF Heusenstamm"]
[BlackTeam "SV Oberursel"]

1. e4 e5 2. Nc3 Nf6 3. Nf3 Nc6 4. Bc4 Nxe4 5. Nxe4 d5 6. Bxd5 Qxd5 7. Nc3 Qd8
8. h3 Bc5 9. d3 O-O 10. Qe2 Nd4 11. Nxd4 exd4 12. Ne4 Re8 13. O-O f5 14. Qh5
fxe4 15. Qxc5 exd3 16. Qc4+ Be6 17. Qxd3 Qd6 18. Qf3 Bd5 19. Qd3 Be4 20. Qc4+
Kh8 21. Bd2 Qg6 22. f3 Bf5 23. Kh1 d3 24. c3 Re2 25. g4 Rxd2 26. Rg1 Qd6 27.
Rg2 Rxg2 28. Kxg2 d2 29. Qb3 Re8 30. Qb5 Bd7 31. Qf1 a6 32. b3 Re3 33. c4 Qf4
34. Rd1 Bc6 35. Rxd2 Bxf3+ 36. Kg1 Qg3+ 37. Qg2 Qxg2+ 0-1

[Event "Sparkassen-Open B"]
[Site "Heusenstamm, Martinsee"]
[Date "2018.11.25"]
[Round "6.51"]
[White "Pessotschinski, Eduard"]
[Black "Bosse, Christian"]
[Result "0-1"]
[WhiteElo "1428"]
[BlackElo "1520"]
[PlyCount "64"]
[EventDate "2018.??.??"]
[WhiteTeam "TuS Makkabi"]
[BlackTeam "SF Nordost Berlin"]

1. e4 Nf6 2. e5 Nd5 3. d4 d6 4. Nf3 Nc6 5. Bb5 Bd7 6. O-O g6 7. Bd2 Bg7 8. Nc3
Nb6 9. Re1 O-O 10. Qc1 dxe5 11. dxe5 e6 12. Bh6 a6 13. Bd3 Nb4 14. Be4 Bc6 15.
Bxc6 Nxc6 16. Re4 f5 17. Rh4 Nxe5 18. Nxe5 Qxh4 19. Bxg7 Kxg7 20. Qd1 Rad8 21.
Qe2 Qf4 22. Nf3 Rd6 23. g3 Qb4 24. Qe5+ Rf6 25. Ne2 Qe4 26. Qxe4 fxe4 27. Ng5
e3 28. Ne4 exf2+ 29. Kf1 Rf8 30. Nxd6 cxd6 31. Rd1 Nc4 32. Rd4 Ne3# 0-1

[Event "Sparkassen-Open B"]
[Site "Heusenstamm, Martinsee"]
[Date "2018.11.25"]
[Round "6.52"]
[White "Welker, Alexandra"]
[Black "Hölß, Silas"]
[Result "0-1"]
[WhiteElo "1308"]
[BlackElo "1483"]
[PlyCount "44"]
[EventDate "2018.??.??"]
[WhiteTeam "TuS Makkabi"]
[BlackTeam "SSG Hungen-Lich"]

1. e4 Nf6 2. Nc3 e5 3. Nf3 Nc6 4. d4 exd4 5. Nxd4 Nxd4 6. Qxd4 d6 7. Bc4 Be6 8.
O-O Be7 9. Bxe6 fxe6 10. e5 dxe5 11. Qxe5 Qd6 12. Qb5+ Qc6 13. Qxc6+ bxc6 14.
Bf4 Bd6 15. Bxd6 cxd6 16. Rfe1 e5 17. f4 Nd7 18. Rad1 Ke7 19. fxe5 Nxe5 20. Ne4
d5 21. Ng5 Kf6 22. Rd4 Rae8 0-1

[Event "Sparkassen-Open B"]
[Site "Heusenstamm, Martinsee"]
[Date "2018.11.25"]
[Round "6.53"]
[White "Brunner, Andreas"]
[Black "Sallwey, Rainer"]
[Result "1-0"]
[WhiteElo "1437"]
[BlackElo "1412"]
[Annotator "Schloessner,Henrik"]
[PlyCount "52"]
[EventDate "2018.??.??"]
[WhiteTeam "Berkershm"]
[BlackTeam "SK Langen"]

1. d4 Nf6 2. c4 d5 3. Nf3 c6 4. Nc3 Nbd7 5. Bf4 Ne4 6. e3 Nxc3 7. bxc3 Nf6 8.
Bd3 e6 9. O-O Bd6 10. Ne5 Be7 11. Qc2 h6 12. Rab1 Nh5 13. Nxf7 Kxf7 14. Bg6+
Kf8 15. Bxh5 Bf6 16. Qg6 Qd7 17. Bd6+ Kg8 18. c5 b6 19. Rb3 b5 20. Qe8+ Qxe8
21. Bxe8 Bb7 22. Bg6 a6 23. a4 Rc8 24. axb5 cxb5 25. Rb4 Bc6 26. f4 a5 {
Rest der Partie nicht nachvollziehbar. 1-0 (53.)} 1-0

[Event "Sparkassen-Open B"]
[Site "Heusenstamm, Martinsee"]
[Date "2018.11.25"]
[Round "6.54"]
[White "Döll-Hentschker, Susanne"]
[Black "Jansen, Nora"]
[Result "0-1"]
[WhiteElo "1148"]
[BlackElo "1433"]
[PlyCount "53"]
[EventDate "2018.??.??"]
[WhiteTeam "VSG Offenbach"]
[BlackTeam "SVG Plettenberg"]

1. d4 e6 2. Nf3 d5 3. Bf4 c5 4. e3 Nc6 5. Bg3 Bd6 6. Nbd2 Bxg3 7. hxg3 b6 8. c4
cxd4 9. exd4 dxc4 10. Nxc4 f6 11. Qd2 Bb7 12. O-O-O Nge7 13. Qe3 Qd7 14. Rh4
O-O-O 15. Qb3 Nf5 16. Rh1 Ncxd4 17. Nxd4 Nxd4 18. Rxd4 Qxd4 19. Qc2 Kb8 20. Rh4
Qd7 21. f3 Rc8 22. Rxh7 Rxh7 23. Qxh7 b5 24. b3 bxc4 25. bxc4 Ba6 26. Qc2 Qc7
27. Kb2 0-1

[Event "Sparkassen-Open B"]
[Site "Heusenstamm, Martinsee"]
[Date "2018.11.25"]
[Round "6.55"]
[White "Miranda Martin, Pablo Mateo"]
[Black "Klein, Simon"]
[Result "1/2-1/2"]
[WhiteElo "1736"]
[BlackElo "1377"]
[PlyCount "85"]
[EventDate "2018.??.??"]
[WhiteTeam "SV Walldorf"]
[BlackTeam "SK Hungen"]

1. d4 Nf6 2. c4 d6 3. Bf4 Nbd7 4. Nc3 e5 5. Bg5 Be7 6. Bxf6 Bxf6 7. d5 Nf8 8.
e4 Ng6 9. g3 Bd7 10. Bg2 h5 11. h4 Bc8 12. Nf3 c6 13. Qd3 c5 14. Qc2 Bg4 15.
Qa4+ Kf8 16. Kd2 Ne7 17. Nh2 Bd7 18. Qb3 Qb6 19. Kc2 g5 20. Qxb6 axb6 21. hxg5
Bxg5 22. Nf3 f6 23. a4 Kg7 24. Nb5 Bxb5 25. axb5 Kg6 26. Nh4+ Bxh4 27. gxh4 f5
28. Bf3 Rxa1 29. Rxa1 fxe4 30. Bxe4+ Kf6 31. Rg1 Rg8 32. Rxg8 Nxg8 33. Bf3 Kg6
34. Kd3 Nf6 35. Be4+ Kh6 36. f3 Nd7 37. Bf5 Nf8 38. Ke4 Kg7 39. f4 exf4 40.
Kxf4 Kf6 41. b3 Ng6+ 42. Bxg6 Kxg6 43. Ke4 1/2-1/2

[Event "Sparkassen-Open B"]
[Site "Heusenstamm, Martinsee"]
[Date "2018.11.25"]
[Round "6.56"]
[White "Peschk, Kathrin"]
[Black "Hegmann, Kolja"]
[Result "0-1"]
[WhiteElo "1357"]
[BlackElo "1614"]
[PlyCount "76"]
[EventDate "2018.??.??"]
[WhiteTeam "SV Groß-Gerau"]
[BlackTeam "TuS Makkabi"]

1. e4 e6 2. d4 d5 3. exd5 exd5 4. Nf3 Nf6 5. Bd3 c5 6. c3 Nc6 7. Be3 Qb6 8. b3
Bg4 9. Be2 Bxf3 10. Bxf3 cxd4 11. Bxd4 Nxd4 12. Qxd4 Bc5 13. Qe5+ Qe6 14. Qxe6+
fxe6 15. O-O O-O 16. Nd2 Rac8 17. Rad1 e5 18. c4 e4 19. Be2 d4 20. h3 d3 21.
Bg4 Nxg4 22. hxg4 e3 23. fxe3 Bxe3+ 24. Kh1 Rxf1+ 25. Rxf1 Bxd2 26. Rd1 Bf4 27.
Rxd3 Re8 28. Rd1 g6 29. Kg1 Bg3 30. Kf1 Kg7 31. g5 Re7 32. b4 h6 33. gxh6+ Kxh6
34. a3 Kg5 35. c5 Kf5 36. b5 Ke4 37. a4 Rf7+ 38. Kg1 Bf2+ 0-1

[Event "Sparkassen-Open B"]
[Site "Heusenstamm, Martinsee"]
[Date "2018.11.25"]
[Round "6.57"]
[White "Hahnenstein, Leon"]
[Black "Cromm, Mika"]
[Result "0-1"]
[WhiteElo "1505"]
[BlackElo "1350"]
[PlyCount "60"]
[EventDate "2018.??.??"]
[WhiteTeam "SC Herborn"]
[BlackTeam "TuS Löhnberg"]

1. e4 e5 2. Nf3 Nc6 3. Bc4 Bc5 4. d3 Nf6 5. c3 d6 6. Bg5 Bd7 7. Nbd2 h6 8. Bh4
a6 9. O-O Qe7 10. h3 g5 11. Bg3 O-O-O 12. b4 Ba7 13. Qb3 Rhf8 14. Rfb1 Nh5 15.
Bh2 f5 16. a4 g4 17. a5 gxf3 18. Nxf3 Qg7 19. b5 fxe4 20. bxc6 Bxc6 21. Be6+
Kb8 22. Ra2 exf3 23. g3 Nxg3 24. Bxg3 Qxg3+ 25. Kf1 Qg2+ 26. Ke1 Qg1+ 27. Kd2
Qxf2+ 28. Kd1 Qf1+ 29. Kd2 Qe2+ 30. Kc1 Be3+ 0-1

[Event "Sparkassen-Open B"]
[Site "Heusenstamm, Martinsee"]
[Date "2018.11.25"]
[Round "6.58"]
[White "Al-Butmeh, Firas"]
[Black "Krieger, Roy"]
[Result "1-0"]
[WhiteElo "1401"]
[BlackElo "1312"]
[PlyCount "81"]
[EventDate "2018.??.??"]
[WhiteTeam "SV Lahn Limburg"]
[BlackTeam "Muldental Wilkau-Haßlau"]

1. e4 e6 2. d4 d5 3. exd5 exd5 4. Nf3 Nf6 5. Bf4 Be7 6. Bd3 Bg4 7. Nbd2 O-O 8.
O-O c5 9. h3 c4 10. Be2 Bf5 11. c3 Bd6 12. Bxd6 Qxd6 13. Ne5 Nc6 14. f4 Ne4 15.
Nxe4 Bxe4 16. Bf3 Bf5 17. Qd2 f6 18. Ng4 Rae8 19. Rae1 Ne7 20. g3 Ng6 21. Qg2
Bd3 22. Rxe8 Rxe8 23. Bxd5+ Kf8 24. Rf2 Qc7 25. Bxb7 f5 26. Ne5 Nxe5 27. fxe5
g6 28. Be4 Bxe4 29. Qxe4 Kg7 30. Qe3 a5 31. e6 a4 32. a3 Kf6 33. d5 Qd6 34.
Qd4+ Ke7 35. Kg2 Rg8 36. Qxc4 h5 37. Qh4+ Ke8 38. c4 Qc5 39. Qf6 Qxc4 40. Qf7+
Kd8 41. Qd7# 1-0

[Event "Sparkassen-Open B"]
[Site "Heusenstamm, Martinsee"]
[Date "2018.11.25"]
[Round "6.59"]
[White "Tarini, Jagadeesh"]
[Black "Homfeldt, Maren"]
[Result "1/2-1/2"]
[WhiteElo "1016"]
[BlackElo "1211"]
[PlyCount "30"]
[EventDate "2018.??.??"]
[WhiteTeam "Singapore"]
[BlackTeam "SC Noris-Tarrasch Nürnberg"]
[WhiteTeamCountry "SIN"]

1. d4 e6 2. Nf3 Ne7 3. e3 a6 4. c3 h6 5. Bd3 g6 6. Nbd2 Bg7 7. O-O d5 8. Re1 b6
9. e4 Bb7 10. e5 O-O 11. Nf1 Qd7 12. Ng3 Kh7 13. Bd2 c5 14. Qc1 Ng8 15. h3 c4
1/2-1/2

[Event "Sparkassen-Open B"]
[Site "Heusenstamm, Martinsee"]
[Date "2018.11.25"]
[Round "6.60"]
[White "Tobias, Franziska Ylvi"]
[Black "Gräf, Roman Konrad"]
[Result "0-1"]
[WhiteElo "797"]
[BlackElo "1171"]
[PlyCount "80"]
[EventDate "2018.??.??"]
[WhiteTeam "SV Oberursel"]
[BlackTeam "SV Frankfurt Nord"]

1. e4 e6 2. d4 d6 3. Nc3 g6 4. Be3 Bg7 5. Qd2 h6 6. h4 a6 7. f4 Nd7 8. Bd3 b6
9. Nf3 Bb7 10. O-O-O Qe7 11. Rhe1 e5 12. dxe5 dxe5 13. f5 Ngf6 14. fxg6 fxg6
15. Kb1 O-O-O 16. Rc1 Nc5 17. Bxc5 Qxc5 18. Na4 Qe7 19. Qc3 Qe8 20. Nxb6+ Kb8
21. Qc5 cxb6 22. Qxb6 Qc6 23. Qb4 Qe6 24. Bc4 Bf8 25. Qb3 Qc6 26. Red1 Be7 27.
Rd2 Nxe4 28. Rxd8+ Rxd8 29. Nxe5 Qc5 30. Bxa6 Nd2+ 31. Ka1 Nxb3+ 32. axb3 Bxa6
33. Nxg6 Bd6 34. Rf1 Bxf1 35. c3 Bd3 36. b4 Qb5 37. b3 Bxg6 38. g4 Qe2 39. h5
Bd3 40. c4 Be5# 0-1

[Event "Sparkassen-Open B"]
[Site "Heusenstamm, Martinsee"]
[Date "2018.11.25"]
[Round "7.1"]
[White "Jagadeesh, Balakrishnan"]
[Black "Füssel, Jan Michael"]
[Result "0-1"]
[WhiteElo "1657"]
[BlackElo "1766"]
[PlyCount "85"]
[EventDate "2018.??.??"]
[WhiteTeam "Singapore"]
[BlackTeam "VSG Offenbach"]
[WhiteTeamCountry "SIN"]

1. Nf3 Nf6 2. c4 c5 3. g3 g6 4. d4 cxd4 5. Nxd4 Bg7 6. Nc3 O-O 7. Bg2 Nc6 8.
Nc2 d6 9. O-O Bd7 10. Ne3 Rb8 11. Ncd5 Re8 12. Rb1 Qc8 13. Re1 Ne5 14. b3 Nxd5
15. Nxd5 Bc6 16. Bb2 Bxd5 17. Bxd5 Qf5 18. e3 Nd3 19. Qc2 Nxe1 20. Qxf5 gxf5
21. Bxg7 Kxg7 22. Rxe1 e6 23. Bg2 Kf6 24. Rd1 Ke7 25. Rd4 Rg8 26. Rh4 Rg7 27.
Rd4 b5 28. cxb5 Rxb5 29. Ra4 a5 30. Bf1 Rc5 31. Bd3 d5 32. Kg2 Rg4 33. f4 Rg8
34. Rd4 Rb8 35. g4 fxg4 36. Bxh7 f5 37. b4 Rxb4 38. Rd2 a4 39. h4 a3 40. Kg3
Rb2 41. Rd1 Rcc2 42. Rg1 Rh2 43. Bg6 0-1

[Event "Sparkassen-Open B"]
[Site "Heusenstamm, Martinsee"]
[Date "2018.11.25"]
[Round "7.3"]
[White "König, Frank"]
[Black "Schwenk, Stefan"]
[Result "1-0"]
[WhiteElo "1719"]
[BlackElo "1755"]
[PlyCount "39"]
[EventDate "2018.??.??"]
[WhiteTeam "SV Steinhausen"]
[BlackTeam "SK Geisenheim"]

1. d4 d5 2. Nf3 e6 3. e3 Nf6 4. Bd3 Nbd7 5. Nbd2 c5 6. c3 a6 7. O-O Bd6 8. e4
dxe4 9. Nxe4 Nxe4 10. Bxe4 Qc7 11. Be3 Nf6 12. Qd3 c4 13. Qc2 Bd7 14. Ne5 Bxe5
15. dxe5 Nxe4 16. Qxe4 O-O 17. Qg4 Qxe5 18. Bd4 f5 19. Qg5 h6 20. Qe7 1-0

[Event "Sparkassen-Open B"]
[Site "Heusenstamm, Martinsee"]
[Date "2018.11.25"]
[Round "7.4"]
[White "Bigott, Martin"]
[Black "Werner, Tom"]
[Result "1/2-1/2"]
[WhiteElo "1752"]
[BlackElo "1693"]
[PlyCount "73"]
[EventDate "2018.??.??"]
[WhiteTeam "SF Lohmar"]
[BlackTeam "VSG Offenbach"]

1. Nf3 d5 2. g3 Nf6 3. Bg2 Bf5 4. d4 e6 5. Nbd2 Nbd7 6. Nh4 Bg6 7. Nxg6 hxg6 8.
c3 Bd6 9. Qb3 Nb6 10. e4 dxe4 11. Nxe4 Nxe4 12. Bxe4 c6 13. c4 Bc7 14. Be3 Qd7
15. a4 Nc8 16. O-O-O Nd6 17. Bg2 Nf5 18. d5 cxd5 19. cxd5 Nxe3 20. fxe3 e5 21.
d6 Bd8 22. Qxb7 Rc8+ 23. Kb1 Qxb7 24. Bxb7 Rc5 25. h4 Kd7 26. Ba6 Ke6 27. Rhf1
Bb6 28. b4 Rc6 29. d7 Rd8 30. Bb5 Rc7 31. e4 f6 32. g4 Bd4 33. Ka2 Rc2+ 34. Kb3
Rc3+ 35. Ka2 Rc2+ 36. Kb3 Rc3+ 37. Ka2 1/2-1/2

[Event "Sparkassen-Open B"]
[Site "Heusenstamm, Martinsee"]
[Date "2018.11.25"]
[Round "7.5"]
[White "Becker, Ralph"]
[Black "Wirtjes, Edzard"]
[Result "1/2-1/2"]
[WhiteElo "1745"]
[BlackElo "1705"]
[PlyCount "71"]
[EventDate "2018.??.??"]
[WhiteTeam "SC Paimar"]
[BlackTeam "VfR Heisfelde"]

1. Nf3 c5 2. g3 Nc6 3. Bg2 g6 4. c4 Bg7 5. Nc3 Nf6 6. d3 O-O 7. O-O d6 8. a3 a6
9. Rb1 Rb8 10. b4 cxb4 11. axb4 Bd7 12. b5 axb5 13. Nxb5 Na5 14. Bd2 Bc6 15.
Nbd4 Rc8 16. Nxc6 bxc6 17. Qa4 Ra8 18. Bxa5 Rxa5 19. Qxc6 Rc5 20. Qb6 Qc8 21.
Rb5 Nd7 22. Qb7 Rc7 23. Qxc8 Rfxc8 24. Rfb1 Nc5 25. Rb8 h6 26. Kf1 Kf8 27. Nd2
f5 28. Ke1 Kf7 29. Bf1 Rxb8 30. Rxb8 Ra7 31. Rb1 Bc3 32. Kd1 Ra2 33. Nf3 g5 34.
Ne1 Na4 35. Nc2 Ba5 36. Rb3 1/2-1/2

[Event "Sparkassen-Open B"]
[Site "Heusenstamm, Martinsee"]
[Date "2018.11.25"]
[Round "7.6"]
[White "Hegel, Jonas"]
[Black "Hofmann, Werner"]
[Result "1/2-1/2"]
[WhiteElo "1741"]
[BlackElo "1685"]
[PlyCount "43"]
[EventDate "2018.??.??"]
[WhiteTeam "SC Peiting"]
[BlackTeam "SV Kelsterbach"]

1. e4 c6 2. Nc3 d5 3. Nf3 Bg4 4. h3 Bxf3 5. Qxf3 e6 6. exd5 exd5 7. d4 Be7 8.
Bd3 Nf6 9. Be3 Qc7 10. O-O O-O 11. Bf4 Bd6 12. Ne2 Nbd7 13. c3 Rae8 14. Bxd6
Qxd6 15. Ng3 Qb8 16. h4 Kh8 17. h5 g6 18. hxg6 hxg6 19. Ne2 Kg7 20. g3 Ne4 21.
Qg2 Rh8 22. Bxe4 1/2-1/2

[Event "Sparkassen-Open B"]
[Site "Heusenstamm, Martinsee"]
[Date "2018.11.25"]
[Round "7.7"]
[White "Kirchmann, Sascha"]
[Black "Schomann, Michael"]
[Result "1-0"]
[WhiteElo "1774"]
[BlackElo "1680"]
[PlyCount "61"]
[EventDate "2018.??.??"]
[WhiteTeam "SC Obertshausen"]
[BlackTeam "TSV Kücknitz"]

1. e4 c5 2. Nf3 d6 3. c3 Nf6 4. Bd3 Nc6 5. h3 e5 6. Bc2 Be7 7. O-O O-O 8. a3 a6
9. d4 cxd4 10. cxd4 exd4 11. Nxd4 Qb6 12. Nb3 Be6 13. Be3 Qc7 14. f4 Rac8 15.
Nc3 g6 16. Rc1 Rfe8 17. Nd5 Qb8 18. Qd2 Bxd5 19. exd5 Na7 20. f5 Nd7 21. fxg6
fxg6 22. Qf2 Rf8 23. Qe2 Bf6 24. Nd4 Bxd4 25. Bxd4 Rce8 26. Rxf8+ Nxf8 27. Qf2
Nb5 28. Be3 Nc7 29. Rf1 Re7 30. Bg5 Rd7 31. Bh6 1-0

[Event "Sparkassen-Open B"]
[Site "Heusenstamm, Martinsee"]
[Date "2018.11.25"]
[Round "7.8"]
[White "Hoppstädter, Daniel"]
[Black "Kosak, Matjaz"]
[Result "0-1"]
[WhiteElo "1274"]
[BlackElo "1786"]
[PlyCount "94"]
[EventDate "2018.??.??"]
[WhiteTeam "Kirkel"]
[BlackTeam "SV Frankfurt Nord"]

1. e4 d6 2. d4 Nf6 3. Nc3 g6 4. Be3 Bg7 5. Bc4 O-O 6. Nge2 e5 7. dxe5 dxe5 8.
O-O b6 9. Qxd8 Rxd8 10. Nb5 Na6 11. f3 Bb7 12. Rad1 Bf8 13. Rxd8 Rxd8 14. Nxa7
Bc5 15. Bxc5 Nxc5 16. b4 Ne6 17. Bxe6 fxe6 18. Nc3 Rd2 19. Rf2 Rd4 20. a3 c6
21. Na4 Ba6 22. h3 c5 23. Nxb6 cxb4 24. axb4 Rxb4 25. Nbc8 Rb1+ 26. Kh2 Rb7 27.
Rd2 Rc7 28. Rd6 Bxc8 29. Rd8+ Kf7 30. Nxc8 Rxc2 31. Nb6 Nh5 32. Rd1 Nf4 33. Rg1
Ke7 34. Kh1 Kd6 35. h4 Kc7 36. Na4 Kc6 37. g3 Ne2 38. Rg2 Ra2 39. f4 Nxg3+ 40.
Rxg3 Rxa4 41. fxe5 Rxe4 42. Rf3 Rxh4+ 43. Kg2 Kd5 44. Kg3 g5 45. Re3 Re4 46.
Ra3 Kxe5 47. Ra7 h5 0-1

[Event "Sparkassen-Open B"]
[Site "Heusenstamm, Martinsee"]
[Date "2018.11.25"]
[Round "7.10"]
[White "Lohia, Sohum"]
[Black "John, Volkmar"]
[Result "1/2-1/2"]
[WhiteElo "1562"]
[BlackElo "1737"]
[PlyCount "33"]
[EventDate "2018.??.??"]
[WhiteTeam "Wetherby"]
[BlackTeam "SK Herborn"]

1. e4 c6 2. b3 d5 3. Bb2 dxe4 4. Nc3 Nf6 5. Nge2 Bg4 6. h3 Bh5 7. g4 Bg6 8. Ng3
e6 9. Qe2 Nbd7 10. Bg2 Be7 11. O-O-O Qa5 12. Kb1 Nd5 13. Ngxe4 Nf4 14. Qf3 Nxg2
15. Qxg2 f6 16. Rhe1 O-O-O 17. f4 1/2-1/2

[Event "Sparkassen-Open B"]
[Site "Heusenstamm, Martinsee"]
[Date "2018.11.25"]
[Round "7.11"]
[White "Michels, Fabio"]
[Black "Floren, Dieter"]
[Result "1-0"]
[WhiteElo "1727"]
[BlackElo "1715"]
[PlyCount "51"]
[EventDate "2018.??.??"]
[WhiteTeam "SG Mörsdorf-Lahr"]
[BlackTeam "Hamburger SK"]

1. c4 e5 2. g3 Nf6 3. Bg2 c6 4. d4 exd4 5. Qxd4 Na6 6. Bg5 Be7 7. a3 O-O 8. Nf3
h6 9. Bf4 Bc5 10. Qd3 d5 11. O-O dxc4 12. Qxc4 Be6 13. Qc2 Bd5 14. Nc3 Be6 15.
Rad1 Qe7 16. b4 g5 17. Nxg5 hxg5 18. Bxg5 Qc7 19. Bxf6 Be7 20. Ne4 Bf5 21. Qd2
Bxe4 22. Qg5+ Bg6 23. Bxe7 Rfe8 24. Bf6 Re6 25. Qh4 Bh7 26. Qh6 1-0

[Event "Sparkassen-Open B"]
[Site "Heusenstamm, Martinsee"]
[Date "2018.11.25"]
[Round "7.12"]
[White "Chambers, Dominik Keith"]
[Black "Gude, Michael"]
[Result "1-0"]
[WhiteElo "1715"]
[BlackElo "1666"]
[PlyCount "67"]
[EventDate "2018.??.??"]
[WhiteTeam "SC Lorsch"]
[BlackTeam "SF Fürth"]

1. Nf3 e6 2. g3 f5 3. Bg2 Nf6 4. d3 d5 5. Nbd2 Bd6 6. c4 c6 7. cxd5 exd5 8. b3
a5 9. Bb2 O-O 10. O-O Nbd7 11. Nd4 Nb6 12. e4 dxe4 13. dxe4 fxe4 14. Nxe4 Nxe4
15. Bxe4 Qe7 16. Re1 Qf6 17. Qc2 Qh6 18. Nf5 Bxf5 19. Bxf5 Bb4 20. Be6+ Kh8 21.
Re4 Rae8 22. Rh4 Qxh4 23. gxh4 Rxe6 24. h5 Nd5 25. Rd1 Nf4 26. h6 Nh3+ 27. Kg2
Rg6+ 28. Qxg6 Rxf2+ 29. Kxh3 hxg6 30. Bxg7+ Kg8 31. Rd8+ Bf8 32. Bxf8 Rxf8 33.
h7+ Kg7 34. Rxf8 1-0

[Event "Sparkassen-Open B"]
[Site "Heusenstamm, Martinsee"]
[Date "2018.11.25"]
[Round "7.13"]
[White "Gnandt, Michael"]
[Black "Wohlrabe, Jörg"]
[Result "0-1"]
[WhiteElo "1316"]
[BlackElo "1772"]
[PlyCount "34"]
[EventDate "2018.??.??"]
[WhiteTeam "SV Steinhausen"]
[BlackTeam "SV Gifhorn"]

1. e4 e6 2. d4 b6 3. Nc3 Bb7 4. f4 Bb4 5. Bd2 Bxc3 6. Bxc3 Bxe4 7. d5 Nf6 8.
dxe6 fxe6 9. Nf3 O-O 10. Be2 Nc6 11. O-O Nd5 12. Bxg7 Kxg7 13. Qd2 Nxf4 14. Qe3
Nxe2+ 15. Qxe2 Bxf3 16. gxf3 Qf6 17. Rad1 Rad8 0-1

[Event "Sparkassen-Open B"]
[Site "Heusenstamm, Martinsee"]
[Date "2018.11.25"]
[Round "7.14"]
[White "Draxler, Gottfried"]
[Black "Bastian, Ben"]
[Result "1-0"]
[WhiteElo "1767"]
[BlackElo "1592"]
[PlyCount "91"]
[EventDate "2018.??.??"]
[WhiteTeam "SF Neuberg"]
[BlackTeam "SC Herborn"]

1. c4 e5 2. g3 Nc6 3. Bg2 d6 4. e3 Bf5 5. Ne2 g6 6. Nbc3 Bd3 7. b3 f5 8. a3 a5
9. Bb2 Nf6 10. Nc1 Be4 11. Nxe4 Nxe4 12. Qc2 Nf6 13. d3 Qe7 14. Ne2 Bg7 15. O-O
O-O 16. Nc3 Rae8 17. Nd5 Nxd5 18. Bxd5+ Kh8 19. Bc3 e4 20. Bxc6 bxc6 21. Ra2
Bxc3 22. Qxc3+ Kg8 23. Qxa5 exd3 24. Qc3 g5 25. Qxd3 Rf6 26. b4 Ref8 27. Re2 h5
28. h3 h4 29. Kg2 g4 30. Rh1 Rg6 31. Ree1 Qg5 32. Qd4 hxg3 33. fxg3 Re8 34.
hxg4 Re4 35. Qh8+ Kf7 36. Rh7+ Rg7 37. Rxg7+ Qxg7 38. Qxg7+ Kxg7 39. gxf5 Rxc4
40. Ra1 Kf6 41. a4 Kxf5 42. Kf3 Rxb4 43. a5 d5 44. a6 Rb8 45. a7 Ra8 46. Ra5
1-0

[Event "Sparkassen-Open B"]
[Site "Heusenstamm, Martinsee"]
[Date "2018.11.25"]
[Round "7.15"]
[White "Bengsch, Norbert"]
[Black "Müller, Maximilian"]
[Result "1/2-1/2"]
[WhiteElo "1763"]
[BlackElo "1547"]
[PlyCount "40"]
[EventDate "2018.??.??"]
[WhiteTeam "SG Donautal Tuttlingen"]
[BlackTeam "SC Eppelborn"]

1. b3 Nf6 2. Bb2 g6 3. e4 d6 4. g3 Bg7 5. Bg2 Nbd7 6. d4 Nb6 7. Ne2 c6 8. Nbc3
Bg4 9. h3 Bd7 10. Qd2 Qc7 11. O-O-O a5 12. e5 dxe5 13. dxe5 Ng8 14. f4 a4 15.
Nxa4 Nxa4 16. bxa4 Rxa4 17. Nc3 Ra8 18. Rhe1 Be6 19. a3 Qb6 20. Qe3 Qc7 1/2-1/2

[Event "Sparkassen-Open B"]
[Site "Heusenstamm, Martinsee"]
[Date "2018.11.25"]
[Round "7.16"]
[White "Haas, Vanessa"]
[Black "Tiggemann, Felix"]
[Result "0-1"]
[WhiteElo "1737"]
[BlackElo "1514"]
[PlyCount "60"]
[EventDate "2018.??.??"]
[WhiteTeam "SC FK Babenhausen"]
[BlackTeam "SF Schöneck"]

1. e4 e6 2. d4 d5 3. e5 c5 4. c3 Nc6 5. Nf3 Qb6 6. Be2 Nge7 7. dxc5 Qxc5 8. Be3
Qa5 9. b4 Qc7 10. Bb5 a6 11. Bxc6+ Nxc6 12. Bd4 Bd7 13. a3 Rc8 14. O-O Be7 15.
Re1 Nxd4 16. cxd4 O-O 17. Nbd2 Qc3 18. Qb3 Bb5 19. Qxc3 Rxc3 20. Rec1 Rfc8 21.
Rxc3 Rxc3 22. h3 Kf8 23. a4 Bc6 24. b5 axb5 25. axb5 Bxb5 26. Ra8+ Be8 27. Rb8
Rc7 28. Nb3 Bb4 29. Ng5 h6 30. Nf3 Ke7 0-1

[Event "Sparkassen-Open B"]
[Site "Heusenstamm, Martinsee"]
[Date "2018.11.25"]
[Round "7.18"]
[White "Pomrehn, Ole Magnus"]
[Black "Burow, Roger"]
[Result "0-1"]
[WhiteElo "1533"]
[BlackElo "1675"]
[PlyCount "102"]
[EventDate "2018.??.??"]
[WhiteTeam "SC Nidderau"]
[BlackTeam "SV Kelsterbach"]

1. g3 d5 2. Bg2 c6 3. d3 Nf6 4. Nd2 Nbd7 5. e3 e5 6. Ne2 Be7 7. b3 O-O 8. O-O
Re8 9. Bb2 Bf8 10. h3 Qc7 11. a3 Nb6 12. Kh2 Be6 13. f4 exf4 14. exf4 Bf5 15.
Bxf6 gxf6 16. Nd4 Bd7 17. Qh5 Bg7 18. f5 Re3 19. Rf4 Rae8 20. Rg4 Nc8 21. Qh6
Kf8 22. Qxg7+ Ke7 23. Qh6 Qe5 24. Rf1 Kd8 25. N2f3 Qd6 26. b4 b6 27. Qf4 Qe7
28. Rb1 Nd6 29. Rg7 Rh8 30. Rg4 Kc8 31. Rh4 Ne8 32. Rh6 Nd6 33. Rh5 Kb7 34. Qh6
Ne8 35. Qf4 Nd6 36. Rh6 Nb5 37. Nxb5 cxb5 38. Qd4 Re2 39. Qxf6 Rxg2+ 40. Kxg2
Qe2+ 41. Kg1 Qe3+ 42. Kf1 Qxf3+ 43. Ke1 Re8+ 44. Kd2 Qf2+ 45. Kc1 Rc8 46. c4
bxc4 47. Rb2 cxd3+ 48. Kb1 d2 49. Ka2 Qe1 50. Qd6 d1=Q 51. Qxd7+ Rc7 0-1